000 00322nam a22001457a 4500
003 OSt
005 20211227155126.0
008 211227b |||||||| |||| 00| 0 eng d
020 _a025621140
040 _cHU
082 _a004
100 _aBlank Barnes
_925565
245 _aThe Universal Machine
942 _2ddc
_cBOOKS
_n0
999 _c24452
_d24452